00541nam a22001817a 450000500170000001000150001702000270003203500130005903700130007208200110008524500780009626000380017427000470021230000260025949000370028550000200032270000170034220150806124728.0 aENG-113338 a9788189131876c550.00  aEN-96870 bDBAD/PUB a954.08 aHistory of India 1600-1800 : cedited by Nirmal Kumar bselected essays / aNew Delhi bResearch India c2014 aE-6/34, Sangam Vihar, bNew Delhi e110062 axxiv,523p.c23cm(pbk) aDebates in Indian history series aIncludes index  aNirmal Kumar